00314nam a22001217a 4500020000600000082001500006100002300021245004000044260004500084300001000129504002600139650002700165 a- a692.3bSON aSoni Saurabh Kumar aBuilding Materials and Construction aNew Delhi :bS.K. Kataria & Sons;c2014. a484p. aIncludes bibliography aBuilding constructions